Statistiche per Comuni della Basilicata

Clicka qui per fare il quiz!

Statistiche generali

  • Questo quiz è stato fatto 2 volte
  • Il punteggio medio è 66 su 131

Statistiche sulle risposte

ProvinciaComune% Corretto
Acerenza
100%
Albano di Lucania
100%
Banzi
100%
Bernalda
100%
Calciano
100%
Calvello
100%
Colobraro
100%
Ferrandina
100%
Genzano di Lucania
100%
Grassano
100%
Lauria
100%
Maratea
100%
Matera
100%
Melfi
100%
Montescaglioso
100%
Oliveto Lucano
100%
Oppido Lucano
100%
Pietrapertosa
100%
Pignola
100%
Pisticci
100%
Policoro
100%
Pomarico
100%
Potenza
100%
Rionero in Vulture
100%
Rotonda
100%
Rotondella
100%
San Giorgio Lucano
100%
San Mauro Forte
100%
Senise
100%
Stigliano
100%
Tricarico
100%
Venosa
100%
Viggiano
100%
PotenzaAbriola
50%
Aliano
50%
Anzi
50%
Avigliano
50%
Balvano
50%
Barile
50%
Bella
50%
Brienza
50%
Castelluccio Inferiore
50%
Castelluccio Superiore
50%
Castelsaraceno
50%
Chiaromonte
50%
Corleto Perticara
50%
Craco
50%
Episcopia
50%
Fardella
50%
Filiano
50%
Garaguso
50%
Gorgoglione
50%
Grottole
50%
Grumento Nova
50%
Guardia Perticara
50%
Irsina
50%
Lagonegro
50%
Lavello
50%
Marsico Nuovo
50%
Maschito
50%
Miglionico
50%
Missanello
50%
Moliterno
50%
Montalbano Jonico
50%
Montemurro
50%
Nemoli
50%
Neopoli
50%
Nova Siri
50%
Palazzo San Gervasio
50%
PotenzaPaterno
50%
Pescopagano
50%
Picerno
50%
Rapolla
50%
Rapone
50%
Rivello
50%
Roccanova
50%
Ruoti
50%
Salandra
50%
San Costantino Albanese
50%
San Fele
50%
San Martino d'Agri
50%
San Paolo Albanese
50%
San Severino Lucano
50%
Sarconi
50%
Satriano di Lucania
50%
Savoia di Lucania
50%
Scanzano Jonico
50%
Teana
50%
Terranova di Pollino
50%
Tito
50%
Tolve
50%
Tramutola
50%
Trecchina
50%
Trivigno
50%
Tursi
50%
Vaglio Basilicata
50%
Valsinni
50%
Vietri di Potenza
50%
Viggianello
50%
MateraAccettuta
0%
Armento
0%
Atella
0%
Baragliano
0%
PotenzaBrindisi Montagna
0%
Calvera
0%
Campomaggiore
0%
Cancellara
0%
Carbone
0%
Castelgrande
0%
Castelmessano
0%
Castronuovo di Sant'Andrea
0%
Cersosimo
0%
Cirigliano
0%
Forenza
0%
Francavilla in Sinni
0%
Gallicchio
0%
Ginestra
0%
Latronico
0%
Laurenziana
0%
Montemilone
0%
Moro Lucano
0%
Morsicovetere
0%
Pietragalla
0%
Ripacandida
0%
Ruvo del Monte
0%
San Chirico Nuovo
0%
San Chirico Reparo
0%
Sant'Angelo Le Fratte
0%
Sant'Arcangelo
0%
Sasso di Castalda
0%
Spinoso
0%

Distribuzione punteggi

Percentile per numero di risposta

Percentuale di utenti per punteggio

I tuoi punteggi nel tempo

Non hai fatto questo quiz